000 00544nam a2200217Ia 4500
003 OSt
005 20220924133754.0
006 a|||||r|||| 00| 0
007 ta
008 220923b |||||||| |||| 00| 0 snd d
024 _a268737
037 _cTextual
040 _aARTS
_cARTS
_bsnd
041 _2snd
_asnd
082 _aO1593,1:g, L0
100 _aVasdev Nirmal
_9206490
245 0 _aMunhinja sur ain tunhija geet
260 _c1970
942 _hO1593,1:g, L0
_cTEXL
_2CC
999 _c435131
_d435131